Statistics for Hamilton Characters

Click here to take the quiz!

General Stats

  • This quiz has been taken 100 times
  • The average score is 4 of 6

Answer Stats

PeopleAnswer% Correct
Samuel SeaburyFarmer Refuted
81%
John JayNonstop
74%
James ReynoldsSay No To This | Reynolds Pamplet
71%
George EackerBlow Us All Away
67%
Benjamin FranklinSatisfied | Cabinet Battle 3
56%
Sally HemmingsWhat'd I Miss | Cabinet Battle 3
49%

Score Distribution

Percentile by Number Answered

Percent of People with Each Score

Your Score History

You have not taken this quiz